[Event "Sebes GP op"]
[Site "Sebes"]
[Date "2023.11.05"]
[Round "10"]
[White "Titu, Maiorescu Dorin"]
[Black "Abramciuc, Marius"]
[Result "1/2-1/2"]
[WhiteElo "1947"]
[BlackElo "2321"]
[PlyCount "123"]
[EventDate "2023.11.04"]
[EventType "swiss"]
[EventRounds "10"]
[EventCountry "ROU"]
[SourceTitle "CB46_2023"]
[SourceDate "2023.11.15"]
[SourceVersion "1"]
[SourceVersionDate "2023.11.15"]
[SourceQuality "1"]

1. Nf3 f5 2. d3 Nf6 3. Nbd2 d6 4. e4 e5 5. g3 g6 6. Bg2 Bg7 7. 0-0 Nc6 8. exf5 gxf5 9. c3 0-0 10. Ng5 Qe8 11. f4 h6 12. Nh3 Ng4 13. Re1 Qh5 14. Nf3 Kh8 15. Bd2 Be6 16. Nf2 Nxf2 17. Kxf2 Qf7 18. Kg1 Rae8 19. Qa4 a6 20. Re2 Bd5 21. Rae1 b5 22. Qc2 Bxa2 23. Nxe5 Nxe5 24. fxe5 dxe5 25. b4 Bd5 26. Bxd5 Qxd5 27. d4 e4 28. Bf4 Re6 29. Re3 Qc4 30. Qd2 Qd5 31. h3 a5 32. bxa5 b4 33. Rd1 c5 34. Be5 Bxe5 35. dxe5 Qxd2 36. Rxd2 Rxe5 37. cxb4 cxb4 38. Ra2 Ra8 39. a6 Re6 40. a7 Re7 41. Rb3 Rexa7 42. Rxa7 Rxa7 43. Rxb4 Ra3 44. Kg2 Kg7 45. g4 Kg6 46. Rb6+ Kg5 47. Rb5 Rf3 48. Re5 Rf4 49. gxf5 Kf6 50. Re6+ Kxf5 51. Rxh6 e3 52. Rh8 Ke4 53. Re8+ Kd3 54. Kg3 Rf6 55. h4 e2 56. h5 Kd2 57. Kg4 e1Q 58. Rxe1 Kxe1 59. Kg5 Ra6 60. h6 Ke2 61. h7 Ra8 62. Kg6 1/2-1/2

[Event "Sebes GP op"]
[Site "Sebes"]
[Date "2023.11.04"]
[Round "3"]
[White "Zatonskih, Anna"]
[Black "Titu, Maiorescu Dorin"]
[Result "1-0"]
[WhiteElo "2363"]
[BlackElo "1947"]
[PlyCount "87"]
[EventDate "2023.11.04"]
[EventType "swiss"]
[EventRounds "10"]
[EventCountry "ROU"]
[SourceTitle "CB46_2023"]
[SourceDate "2023.11.15"]
[SourceVersion "1"]
[SourceVersionDate "2023.11.15"]
[SourceQuality "1"]

1. d4 Nf6 2. c4 e6 3. Nc3 Bb4 4. Qc2 0-0 5. a3 Bxc3+ 6. Qxc3 d5 7. Nf3 Nbd7 8. cxd5 exd5 9. Bf4 c6 10. e3 Re8 11. Bd3 Nf8 12. h3 Bd7 13. Qc2 h6 14. g4 Ne4 15. Ne5 f6 16. Nxd7 Qxd7 17. f3 Ng5 18. Kf2 Qe7 19. Qd2 Nge6 20. Bg3 c5 21. Bb5 Red8 22. h4 a6 23. Ba4 Rac8 24. Rae1 Qf7 25. Bb3 f5 26. g5 f4 27. Bxf4 Nxf4 28. exf4 Ne6 29. dxc5 Nxf4 30. gxh6 Rxc5 31. Reg1 g6 32. h5 Qf5 33. hxg6 Nd3+ 34. Kg2 Nf4+ 35. Kf2 Nd3+ 36. Kg2 Nf4+ 37. Kf1 Nxg6 38. Rxg6+ Kf8 39. Rg3 Rd7 40. Rhg1 Rf7 41. Kf2 Rb5 42. Qe2 Re7 43. Rg8+ Kf7 44. R8g7+ 1-0

[Event "Tasnad Orasului Cup"]
[Site "Tasnad"]
[Date "2021.09.12"]
[Round "6"]
[White "Titu, Maiorescu Dorin"]
[Black "Muller, Wilhelm"]
[Result "0-1"]
[WhiteElo "2064"]
[BlackElo "1898"]
[PlyCount "129"]
[EventDate "2021.09.09"]
[EventType "swiss"]
[EventRounds "7"]
[EventCountry "ROU"]
[SourceTitle "CBM 204 Extra"]
[Source "ChessBase"]
[SourceDate "2021.11.30"]
[SourceVersion "1"]
[SourceVersionDate "2021.11.30"]
[SourceQuality "1"]

1. e4 g6 2. d4 d6 3. Nc3 Bg7 4. Be3 a6 5. Nge2 Nd7 6. f3 e6 7. Qd2 b5 8. g4 Bb7 9. h4 h5 10. g5 Ne7 11. Bh3 Nb6 12. b3 d5 13. a3 Bc6 14. 0-0 Bd7 15. Rad1 0-0 16. Bg2 a5 17. Qd3 Qe8 18. Bf4 Ra7 19. Be5 b4 20. Bxg7 Kxg7 21. axb4 axb4 22. Nb1 Bb5 23. Qd2 Ra2 24. Rf2 Nc6 25. Nc1 Ra1 26. Nd3 Qe7 27. c3 f6 28. Nxb4 fxg5 29. Nxc6 Bxc6 30. hxg5 Rfa8 31. Re1 Qf8 32. Bh3 Bd7 33. Qe3 R8a2 34. Rxa2 Rxa2 35. Bf1 Ra5 36. c4 dxc4 37. bxc4 Qb4 38. c5 Nc4 39. Bxc4 Qxc4 40. Nd2 Qb4 41. Rb1 Qa4 42. Qc3 Kh7 43. Nc4 Qa2 44. Rc1 Rb5 45. d5 Rb1 46. Rxb1 Qxb1+ 47. Kg2 exd5 48. exd5 Qf5 49. Qf6 Qxd5 50. Ne5 Qe6 51. Kf2 h4 52. Qxe6 Bxe6 53. Nd3 Kg7 54. Nf4 Kf7 55. Ng2 h3 56. Nf4 Bf5 57. Kg3 Ke7 58. Nxh3 Kd7 59. Nf2 Kc6 60. Kf4 Kxc5 61. Nd1 Kd4 62. Ne3 Bd3 63. Ng2 c5 64. Kg4 c4 65. f4 0-1

[Event "Tasnad Orasului Cup"]
[Site "Tasnad"]
[Date "2021.09.11"]
[Round "4"]
[White "Titu, Maiorescu Dorin"]
[Black "Cosma, Ioan"]
[Result "0-1"]
[WhiteElo "2064"]
[BlackElo "2397"]
[PlyCount "88"]
[EventDate "2021.09.09"]
[EventType "swiss"]
[EventRounds "7"]
[EventCountry "ROU"]
[SourceTitle "CBM 204 Extra"]
[Source "ChessBase"]
[SourceDate "2021.11.30"]
[SourceVersion "1"]
[SourceVersionDate "2021.11.30"]
[SourceQuality "1"]

1. Nf3 Nf6 2. g3 d5 3. Bg2 e6 4. d3 c5 5. Nbd2 Nc6 6. e4 Be7 7. 0-0 b6 8. Re1 Bb7 9. c3 Qc7 10. exd5 Nxd5 11. Nb3 Rd8 12. d4 0-0 13. Qe2 cxd4 14. Nbxd4 Nxd4 15. Nxd4 Bf6 16. Be3 Nxe3 17. fxe3 Bxg2 18. Qxg2 Rd5 19. Re2 g6 20. Rf1 Bg7 21. a3 b5 22. Qe4 Qd7 23. Kg2 a5 24. Nf3 Rc8 25. Qc2 Qb7 26. e4 Rdc5 27. Qd2 Rc4 28. Qf4 b4 29. axb4 axb4 30. Nd2 R4c5 31. cxb4 Rc2 32. b3 Bc3 33. Rff2 Bd4 34. Nc4 R2xc4 35. bxc4 Bxf2 36. Kxf2 Rxc4 37. Qd2 Qb6+ 38. Kg2 Rxb4 39. e5 h5 40. h4 Qb7+ 41. Kh2 Rb1 42. Rg2 Qf3 43. Qe2 Qc3 44. g4 Re1 0-1

[Event "Tasnad Orasului Cup"]
[Site "Tasnad"]
[Date "2021.09.10"]
[Round "2"]
[White "Titu, Maiorescu Dorin"]
[Black "Dragoi, Tudor"]
[Result "1-0"]
[WhiteElo "2064"]
[BlackElo "1662"]
[PlyCount "65"]
[EventDate "2021.09.09"]
[EventType "swiss"]
[EventRounds "7"]
[EventCountry "ROU"]
[SourceTitle "CBM 204 Extra"]
[Source "ChessBase"]
[SourceDate "2021.11.30"]
[SourceVersion "1"]
[SourceVersionDate "2021.11.30"]
[SourceQuality "1"]

1. e4 d6 2. d4 Nf6 3. Nc3 g6 4. f3 Bg7 5. Be3 0-0 6. Qd2 Re8 7. g4 e6 8. Nge2 h5 9. gxh5 Nxh5 10. Ng3 Nf6 11. h4 Nbd7 12. h5 c5 13. hxg6 fxg6 14. 0-0-0 cxd4 15. Bxd4 b5 16. e5 dxe5 17. Be3 Bb7 18. Nce4 Nxe4 19. Nxe4 Bxe4 20. fxe4 Nf6 21. Qg2 Qa5 22. Kb1 Rad8 23. Bd3 Rf8 24. Qxg6 Qc7 25. Rh3 Rf7 26. Rdh1 Kf8 27. Rh8+ Ng8 28. Bh6 a6 29. Qh7 Bxh6 30. Qxg8+ Ke7 31. Qxd8+ Qxd8 32. Rxd8 Kxd8 33. Rxh6 1-0

[Event "ROM-chT2"]
[Site "Calimanesti"]
[Date "2014.11.14"]
[Round "7.2"]
[White "Titu, Maiorescu Dorin"]
[Black "Oltean, Liviu Ioan"]
[Result "1-0"]
[WhiteElo "2201"]
[BlackElo "2344"]
[PlyCount "73"]
[EventDate "2014.11.08"]
[EventType "team-tourn"]
[EventRounds "9"]
[EventCountry "ROU"]
[SourceTitle "CBM 163 Extra"]
[Source "ChessBase"]
[SourceDate "2014.12.23"]
[SourceVersion "1"]
[SourceVersionDate "2014.12.23"]
[SourceQuality "1"]
[WhiteTeam "Targoviste Chindia"]
[BlackTeam "Cluj Napoca"]
[WhiteTeamCountry "ROU"]
[BlackTeamCountry "ROU"]

1. Nf3 d5 2. d3 Nf6 3. g3 Bf5 4. Bg2 e6 5. 0-0 Be7 6. c3 0-0 7. b4 a5 8. b5 c5 9. bxc6 bxc6 10. a4 Qc7 11. Na3 Na6 12. Bf4 Bd6 13. Bxd6 Qxd6 14. Nd4 Bg6 15. f4 Ng4 16. Nac2 e5 17. h3 Nf6 18. fxe5 Qxe5 19. Nxc6 Qxg3 20. Rxf6 gxf6 21. Ne7+ Kg7 22. Nxd5 Rad8 23. c4 Rfe8 24. Qf1 Rd6 25. Qf4 Qxf4 26. Nxf4 Rb8 27. Na3 Rb2 28. Nb5 Rd8 29. d4 Bc2 30. Bb7 Nb4 31. c5 Re8 32. c6 Be4 33. Nd6 Bxc6 34. Bxc6 Rexe2 35. Nf5+ Kf8 36. Nxe2 Rxe2 37. Bb5 1-0

[Event "ROM-chT2"]
[Site "Calimanesti"]
[Date "2014.11.10"]
[Round "3.2"]
[White "Titu, Maiorescu Dorin"]
[Black "Vasilescu, Lucian Mihail"]
[Result "1/2-1/2"]
[WhiteElo "2201"]
[BlackElo "2276"]
[PlyCount "90"]
[EventDate "2014.11.08"]
[EventType "team-tourn"]
[EventRounds "9"]
[EventCountry "ROU"]
[SourceTitle "CBM 163 Extra"]
[Source "ChessBase"]
[SourceDate "2014.12.23"]
[SourceVersion "1"]
[SourceVersionDate "2014.12.23"]
[SourceQuality "1"]
[WhiteTeam "Targoviste Chindia"]
[BlackTeam "Otopeni"]
[WhiteTeamCountry "ROU"]
[BlackTeamCountry "ROU"]

1. Nf3 g6 2. d3 Bg7 3. e4 c5 4. g3 Nc6 5. Bg2 e5 6. 0-0 Nge7 7. Be3 d6 8. c3 0-0 9. Qc1 f5 10. Na3 Kh8 11. h3 Be6 12. Ng5 Bg8 13. f4 Qd7 14. Qc2 Rac8 15. Nf3 b6 16. Rad1 h6 17. b3 Qe6 18. Qd2 exf4 19. gxf4 fxe4 20. dxe4 d5 21. f5 gxf5 22. exf5 Nxf5 23. Bf4 Rcd8 24. Rde1 Qg6 25. Kh2 Rfe8 26. Nb5 d4 27. cxd4 Ncxd4 28. Nbxd4 Nxd4 29. Nh4 Qh5 30. Qf2 Bh7 31. Qg3 Ne2 32. Rxe2 Rxe2 33. Kh1 Be4 34. Bxe4 Rxe4 35. Rg1 Qf7 36. Nf5 Rg8 37. Bxh6 Be5 38. Qf3 Rxg1+ 39. Kxg1 Qg8+ 40. Bg7+ Bxg7 41. Qxe4 Bd4+ 42. Kf1 Qg1+ 43. Ke2 Qf2+ 44. Kd3 Qf1+ 45. Kc2 Qf2+ 1/2-1/2

[Event "ROM-ch"]
[Site "Cluj"]
[Date "2008.02.29"]
[Round "7"]
[White "Chirila, Ioan Cristian"]
[Black "Titu, Maiorescu Dorin"]
[Result "1-0"]
[WhiteElo "2400"]
[BlackElo "2245"]
[PlyCount "71"]
[EventDate "2008.02.25"]
[EventType "swiss"]
[EventRounds "9"]
[EventCountry "ROU"]
[SourceTitle "CBM 123 Extra"]
[Source "ChessBase"]
[SourceDate "2008.05.06"]
[SourceVersion "1"]
[SourceVersionDate "2008.05.06"]
[SourceQuality "1"]

1. e4 b6 2. d4 Bb7 3. Bd3 e6 4. Nf3 d6 5. 0-0 Nd7 6. c4 g6 7. Nc3 Bg7 8. Bg5 Ne7 9. Qd2 h6 10. Be3 a6 11. Rad1 Kf8 12. h4 Nf6 13. Qe2 Ng4 14. Bc2 Nxe3 15. Qxe3 h5 16. Ng5 Bf6 17. f4 Qd7 18. d5 Bxg5 19. hxg5 exd5 20. exd5 Nf5 21. Bxf5 Qxf5 22. Qd4 Ke7 23. Rde1+ Kd7 24. Ne4 Raf8 25. Nf6+ Kc8 26. Re7 h4 27. Rfe1 h3 28. g4 h2+ 29. Kh1 Qc2 30. Qe4 Qxe4+ 31. R1xe4 c6 32. Ne8 Kb8 33. Rxb7+ Kxb7 34. Re7+ Ka8 35. Nc7+ Kb7 36. Ne6+ 1-0

[Event "Baltic Sea Cup"]
[Site "Ronne"]
[Date "2007.08.03"]
[Round "6.26"]
[White "Titu, Maiorescu Dorin"]
[Black "Rasmussen, Morten"]
[Result "1/2-1/2"]
[WhiteElo "2273"]
[BlackElo "1979"]
[PlyCount "121"]
[EventDate "2007.07.30"]
[EventType "swiss"]
[EventRounds "9"]
[EventCountry "DEN"]
[SourceTitle "EXT 2023"]
[Source "ChessBase"]
[SourceDate "2022.10.05"]
[SourceVersion "1"]
[SourceVersionDate "2022.10.05"]
[SourceQuality "1"]

1. b3 d5 2. Bb2 Nf6 3. e3 c6 4. d3 Bg4 5. Ne2 Nbd7 6. h3 Bxe2 7. Bxe2 e5 8. 0-0 g6 9. Nd2 Bg7 10. c4 0-0 11. Qc2 Rc8 12. Rad1 Qb6 13. Nf3 Rfe8 14. Rfe1 Bf8 15. a3 a5 16. d4 exd4 17. Nxd4 Bg7 18. Rb1 Nc5 19. Ba1 Ne6 20. b4 dxc4 21. Nxe6 Rxe6 22. Bxc4 Re7 23. Bd4 Qc7 24. bxa5 Qxa5 25. Bb6 Qe5 26. Red1 Nd7 27. Bd4 Qc7 28. Bxg7 Kxg7 29. Qb2+ Nf6 30. a4 Rd8 31. Rxd8 Qxd8 32. g4 h6 33. Qc3 Rd7 34. Be2 Kg8 35. Bf3 Nd5 36. Qc5 Qe7 37. Qxe7 Nxe7 38. a5 Nd5 39. Rb3 Kg7 40. Kf1 Ne7 41. Ke2 Kf6 42. h4 Nd5 43. Bxd5 Rxd5 44. Rxb7 Rxa5 45. Rc7 Rc5 46. g5+ hxg5 47. hxg5+ Rxg5 48. Rxc6+ Ke7 49. f4 Rd5 50. e4 Rd6 51. Rc5 Rd4 52. Ke3 Rd1 53. Rc7+ Rd7 54. Rc1 Ke6 55. Ra1 Ke7 56. Ra8 Rd8 57. Ra5 Rd7 58. Kf3 Rd1 59. Ke3 Rd7 60. Kf3 Rd1 61. Ke3 1/2-1/2

[Event "Baltic Sea Cup"]
[Site "Ronne"]
[Date "2007.08.01"]
[Round "3.41"]
[White "Berg, Peter"]
[Black "Titu, Maiorescu Dorin"]
[Result "1/2-1/2"]
[WhiteElo "1966"]
[BlackElo "2273"]
[PlyCount "129"]
[EventDate "2007.07.30"]
[EventType "swiss"]
[EventRounds "9"]
[EventCountry "DEN"]
[SourceTitle "EXT 2023"]
[Source "ChessBase"]
[SourceDate "2022.10.05"]
[SourceVersion "1"]
[SourceVersionDate "2022.10.05"]
[SourceQuality "1"]

1. d4 b6 2. e4 Bb7 3. Bd3 e6 4. Nf3 g6 5. 0-0 Bg7 6. Be3 Ne7 7. Nbd2 d6 8. Qe2 a6 9. Rfe1 Nd7 10. Rac1 0-0 11. Nf1 c5 12. c3 h6 13. Ng3 e5 14. dxe5 Nxe5 15. Nxe5 dxe5 16. Rcd1 Qc7 17. Rd2 Rfd8 18. Red1 Nc6 19. h4 Qe7 20. h5 b5 21. hxg6 fxg6 22. Qg4 Kh7 23. Bc2 Rxd2 24. Rxd2 Rd8 25. Qd1 Rxd2 26. Qxd2 Nb8 27. Ne2 Nd7 28. b3 Bf8 29. f3 Bc6 30. Bf2 Qe6 31. Bh4 Be7 32. Bf2 Bg5 33. Be3 Bxe3+ 34. Qxe3 Qd6 35. Qd3 Qe7 36. g3 g5 37. Kf2 Kg7 38. g4 Nf6 39. Ng3 Bd7 40. Nf5+ Bxf5 41. exf5 Kf8 42. a4 e4 43. fxe4 Nxg4+ 44. Kg3 h5 45. Kg2 h4 46. Qe2 Ne5 47. axb5 axb5 48. Qxb5 Qd6 49. Qe2 g4 50. Qd1 h3+ 51. Kh1 Qc7 52. Qd2 Nf7 53. Qh2 Qe7 54. Qb8+ Kg7 55. Qf4 Qh4 56. f6+ Qxf6 57. Qxg4+ Ng5 58. Qf5 Qe7 59. Bd3 Kh6 60. Qf4 Kg7 61. Qf5 Qf6 62. Qxf6+ Kxf6 63. Kh2 Ke5 64. b4 cxb4 65. cxb4 1/2-1/2

[Event "Baltic Sea Cup"]
[Site "Ronne"]
[Date "2007.07.31"]
[Round "2.29"]
[White "Titu, Maiorescu Dorin"]
[Black "Ochsner, Bjorn Moller"]
[Result "0-1"]
[WhiteElo "2273"]
[BlackElo "1841"]
[PlyCount "70"]
[EventDate "2007.07.30"]
[EventType "swiss"]
[EventRounds "9"]
[EventCountry "DEN"]
[SourceTitle "EXT 2023"]
[Source "ChessBase"]
[SourceDate "2022.10.05"]
[SourceVersion "1"]
[SourceVersionDate "2022.10.05"]
[SourceQuality "1"]

1. Nf3 Nf6 2. d3 g6 3. e4 d6 4. Be2 Bg7 5. 0-0 Nc6 6. c3 0-0 7. Nbd2 e5 8. b4 a6 9. a3 d5 10. Qc2 dxe4 11. dxe4 h6 12. Re1 Qe7 13. Nc4 Bg4 14. Ne3 Bxf3 15. Bxf3 Rad8 16. Nd5 Qd6 17. Be3 b6 18. Rad1 Nxd5 19. exd5 Ne7 20. c4 f5 21. Qb3 Kh7 22. c5 Qf6 23. Be2 f4 24. Bc1 e4 25. Bf1 Qe5 26. d6 cxd6 27. cxd6 Nf5 28. Bxa6 Nd4 29. Qc4 Rxd6 30. Bb7 f3 31. Bxe4 b5 32. Qc5 Ne2+ 33. Kf1 Rxd1 34. Rxd1 Qxe4 35. gxf3 Qxf3 0-1

[Event "Baltic Sea Cup"]
[Site "Ronne"]
[Date "2007.07.30"]
[Round "1.31"]
[White "Grandadam, Patrick"]
[Black "Titu, Maiorescu Dorin"]
[Result "1/2-1/2"]
[WhiteElo "1918"]
[BlackElo "2273"]
[PlyCount "42"]
[EventDate "2007.07.30"]
[EventType "swiss"]
[EventRounds "9"]
[EventCountry "DEN"]
[SourceTitle "EXT 2023"]
[Source "ChessBase"]
[SourceDate "2022.10.05"]
[SourceVersion "1"]
[SourceVersionDate "2022.10.05"]
[SourceQuality "1"]

1. d4 Nf6 2. Nf3 d6 3. c4 Nbd7 4. Nc3 e5 5. e4 Be7 6. Be2 0-0 7. 0-0 c6 8. h3 Re8 9. Be3 Qc7 10. b4 exd4 11. Nxd4 d5 12. cxd5 Bxb4 13. Rc1 Bxc3 14. Rxc3 Nxe4 15. Rc1 Qa5 16. dxc6 Ndc5 17. Qc2 b6 18. Nb5 Bf5 19. Qc4 Be6 20. Qc2 Bf5 21. Qc4 Be6 1/2-1/2

[Event "Presov op"]
[Site "Presov"]
[Date "2001.08.18"]
[Round "8"]
[White "Titu, Maiorescu Dorin"]
[Black "Maryasin, Boris Feliksovich"]
[Result "1/2-1/2"]
[WhiteElo "2294"]
[BlackElo "2394"]
[PlyCount "94"]
[EventDate "2001.08.11"]
[EventType "swiss"]
[EventRounds "9"]
[EventCountry "SVK"]
[SourceTitle "EXT 2002"]
[Source "ChessBase"]
[SourceDate "2001.11.25"]
[SourceVersion "1"]
[SourceVersionDate "2001.11.25"]
[SourceQuality "1"]

1. Nf3 Nf6 2. d3 e6 3. e4 d5 4. Nbd2 Nc6 5. c3 Bd6 6. Be2 0-0 7. a3 a5 8. 0-0 b6 9. Re1 Bb7 10. Bf1 dxe4 11. dxe4 Ng4 12. h3 Nge5 13. Nd4 Ng6 14. N2f3 Nce5 15. Bg5 Nxf3+ 16. Nxf3 f6 17. Bc1 e5 18. Qc2 Qe7 19. Rb1 Kh8 20. b4 axb4 21. axb4 Nf4 22. Nh4 g6 23. g3 Ne6 24. Be3 Ng5 25. Bxg5 fxg5 26. Ng2 Qe6 27. Kh2 Qf7 28. Rb2 h5 29. Ne3 Bc8 30. Bg2 c6 31. Rd1 Bc7 32. c4 Be6 33. Qc3 Rad8 34. Rxd8 Rxd8 35. c5 b5 36. Rd2 Qf6 37. Rxd8+ Qxd8 38. Qa3 Qd7 39. Qa7 Kg7 40. Qb7 Kf7 41. Nc2 g4 42. hxg4 Bxg4 43. Ne1 Bd8 44. Qxd7+ Bxd7 45. Bh3 Be8 46. Nf3 Bf6 47. g4 hxg4 1/2-1/2

[Event "Presov op"]
[Site "Presov"]
[Date "2001.08.17"]
[Round "7"]
[White "Titu, Maiorescu Dorin"]
[Black "Dovzik, Juri"]
[Result "1-0"]
[WhiteElo "2294"]
[BlackElo "2389"]
[PlyCount "139"]
[EventDate "2001.08.11"]
[EventType "swiss"]
[EventRounds "9"]
[EventCountry "SVK"]
[SourceTitle "EXT 2002"]
[Source "ChessBase"]
[SourceDate "2001.11.25"]
[SourceVersion "1"]
[SourceVersionDate "2001.11.25"]
[SourceQuality "1"]

1. Nf3 c5 2. d3 d5 3. Nbd2 Nf6 4. e4 e6 5. g3 b6 6. Bg2 dxe4 7. dxe4 Bb7 8. e5 Nfd7 9. 0-0 Be7 10. Re1 0-0 11. Nc4 Qc7 12. Bf4 Rd8 13. Qe2 h6 14. h4 Nf8 15. h5 Nh7 16. Nd6 Bc6 17. Ne4 Qb7 18. Qe3 Nd7 19. Nfd2 Ng5 20. Bxg5 Bxg5 21. f4 Be7 22. Nc4 Rab8 23. Re2 Nf8 24. Ncd6 Bxd6 25. Nxd6 Qa8 26. c4 Rd7 27. Rf1 Bxg2 28. Rxg2 Rbd8 29. Qe2 Qc6 30. Qg4 Nh7 31. b3 a6 32. a4 f5 33. Qe2 Nf6 34. exf6 Qxd6 35. fxg7 Rxg7 36. Re1 Qd4+ 37. Kh1 Rd6 38. Qf3 Kh7 39. Rge2 Re7 40. Re5 Qd3 41. Qxd3 Rxd3 42. R1e3 Rxe3 43. Rxe3 b5 44. axb5 axb5 45. Re5 bxc4 46. bxc4 Kg7 47. Rxc5 Kf6 48. Kg2 Ra7 49. Rc8 Ra2+ 50. Kh3 Rc2 51. c5 Ke7 52. c6 Kd6 53. Rh8 Rxc6 54. Rxh6 Ke7 55. Kh4 Rc3 56. Rg6 Kf7 57. Rh6 Re3 58. Rh8 Kg7 59. Re8 Kf7 60. Ra8 Kg7 61. Kg5 Rb3 62. h6+ Kh7 63. Ra7+ Kh8 64. Kg6 Rb8 65. Rh7+ Kg8 66. Rg7+ Kh8 67. Kh5 Ra8 68. Kh4 Rg8 69. Rxg8+ Kxg8 70. Kg5 1-0

[Event "Centrocoop June op-A"]
[Site "Eforie Nord "]
[Date "1998.??.??"]
[Round "?"]
[White "Ghitescu, Theodor"]
[Black "Titu, Maiorescu Dorin"]
[Result "1-0"]
[WhiteElo "2355"]
[BlackElo "2280"]
[PlyCount "69"]
[EventDate "1998.06.??"]
[EventType "swiss"]
[EventRounds "11"]
[EventCountry "ROU"]
[SourceTitle "EXT 2000"]
[Source "ChessBase"]
[SourceDate "1999.11.16"]
[SourceVersion "1"]
[SourceVersionDate "1999.11.16"]
[SourceQuality "1"]

1. d4 Nf6 2. c4 d6 3. Nf3 Bg4 4. Nc3 c6 5. g3 Bxf3 6. exf3 d5 7. Qb3 Qd7 8. Bf4 e6 9. c5 Qc8 10. Rc1 Nbd7 11. Bh3 Be7 12. 0-0 0-0 13. Rfe1 Re8 14. Qc2 Nh5 15. Be3 g6 16. f4 Qc7 17. Nb1 Rac8 18. Nd2 b5 19. b4 f5 20. a4 a6 21. Ra1 Ng7 22. Ra3 Ra8 23. Rea1 Qb7 24. Qa2 Rab8 25. axb5 axb5 26. Ra7 Qc8 27. Qa6 Nf6 28. Nf3 Ne4 29. Ne5 Bf6 30. Nd7 Qxa6 31. R1xa6 Rbc8 32. f3 Bd8 33. fxe4 dxe4 34. Ne5 Nh5 35. Rxc6 1-0

[Event "Centrocoop June op-A"]
[Site "Eforie Nord "]
[Date "1998.??.??"]
[Round "?"]
[White "Titu, Maiorescu Dorin"]
[Black "Craciun, Ovidiu"]
[Result "1-0"]
[WhiteElo "2280"]
[BlackElo "2225"]
[PlyCount "79"]
[EventDate "1998.06.??"]
[EventType "swiss"]
[EventRounds "11"]
[EventCountry "ROU"]
[SourceTitle "EXT 2000"]
[Source "ChessBase"]
[SourceDate "1999.11.16"]
[SourceVersion "1"]
[SourceVersionDate "1999.11.16"]
[SourceQuality "1"]

1. Nf3 c5 2. e4 e6 3. d3 b5 4. g3 Bb7 5. Bg2 Nc6 6. 0-0 Nf6 7. Re1 d6 8. Nbd2 g6 9. e5 Nd7 10. exd6 Bxd6 11. Ne4 Be7 12. Bh6 Qc7 13. a4 b4 14. Neg5 Nf6 15. Bh3 Nd4 16. Ne5 Nd7 17. Ngxf7 Nxe5 18. Nxe5 Bd6 19. c3 Bxe5 20. cxd4 Qc6 21. f3 Bxd4+ 22. Kg2 e5 23. Bg7 Rf8 24. Bxf8 Kxf8 25. Ra2 Kg7 26. b3 Rf8 27. Rf1 h5 28. g4 Rf4 29. gxh5 Qf6 30. hxg6 Rh4 31. Qe1 Rh6 32. Qg3 Rxg6 33. Bg4 Qf7 34. Rb1 Bxf3+ 35. Qxf3 Rf6 36. Qg3 Rg6 37. h3 Qd5+ 38. Qf3 Qe6 39. Kh2 Qe7 40. Rf1 1-0

[Event "Centrocoop June op-A"]
[Site "Eforie Nord "]
[Date "1998.??.??"]
[Round "?"]
[White "Titu, Maiorescu Dorin"]
[Black "Radomsky, Viacheslav G"]
[Result "0-1"]
[WhiteElo "2280"]
[BlackElo "2205"]
[PlyCount "103"]
[EventDate "1998.06.??"]
[EventType "swiss"]
[EventRounds "11"]
[EventCountry "ROU"]
[SourceTitle "EXT 2000"]
[Source "ChessBase"]
[SourceDate "1999.11.16"]
[SourceVersion "1"]
[SourceVersionDate "1999.11.16"]
[SourceQuality "1"]

1. Nf3 d5 2. d3 c5 3. Nbd2 Nc6 4. e4 Nf6 5. g3 g6 6. Bg2 Bg7 7. 0-0 0-0 8. Re1 Qc7 9. c3 Rd8 10. exd5 Nxd5 11. Nc4 b6 12. h4 Bf5 13. Ng5 b5 14. Ne3 Nxe3 15. Bxe3 Bxd3 16. Nxf7 Kxf7 17. Qf3+ Bf6 18. Qxc6 Qxc6 19. Bxc6 Rac8 20. Bf3 b4 21. cxb4 cxb4 22. Bxa7 Bxb2 23. Rad1 Bc3 24. Re3 Bc4 25. Rxd8 Rxd8 26. a3 Bd2 27. axb4 Bxe3 28. Bxe3 Bd5 29. Bxd5+ Rxd5 30. Kf1 e6 31. Ke2 Kf6 32. Kf3 Ke5 33. Bc5 h5 34. Be3 Kf5 35. Bc5 Rd3+ 36. Ke2 Ke4 37. Be3 Rb3 38. f3+ Kd5 39. Bc5 Rb2+ 40. Ke1 Kc4 41. Kf1 Kd3 42. Ke1 Rb1+ 43. Kf2 Rc1 44. Bb6 Ra1 45. Bc5 Rb1 46. g4 hxg4 47. fxg4 e5 48. h5 gxh5 49. g5 e4 50. g6 e3+ 51. Bxe3 Rxb4 52. Kf3 0-1

[Event "Centrocoop June op-A"]
[Site "Eforie Nord "]
[Date "1998.??.??"]
[Round "?"]
[White "Titu, Maiorescu Dorin"]
[Black "Sharovatova, Anastasia"]
[Result "1-0"]
[WhiteElo "2280"]
[BlackElo "2000"]
[PlyCount "55"]
[EventDate "1998.06.??"]
[EventType "swiss"]
[EventRounds "11"]
[EventCountry "ROU"]
[SourceTitle "EXT 2000"]
[Source "ChessBase"]
[SourceDate "1999.11.16"]
[SourceVersion "1"]
[SourceVersionDate "1999.11.16"]
[SourceQuality "1"]

1. Nf3 c5 2. g3 g6 3. Bg2 Bg7 4. 0-0 Nc6 5. c3 e5 6. d3 Nge7 7. e4 0-0 8. Nbd2 b5 9. Re1 Bb7 10. Qc2 Rc8 11. a4 a6 12. axb5 axb5 13. h4 d6 14. h5 Ra8 15. Rxa8 Qxa8 16. hxg6 Nxg6 17. Nf1 b4 18. Ne3 Bc8 19. Nf5 Bxf5 20. exf5 Nge7 21. g4 Kh8 22. Ng5 Ng8 23. Ne4 Rd8 24. Qe2 f6 25. g5 Qc8 26. Qh5 Qxf5 27. Nxd6 Rxd6 28. Be4 1-0